000 00778nam a22002057a 4500
005 20241112180038.0
008 241112b |||||||| |||| 00| 0 eng d
020 _a9780324110531
020 _a0324110537
050 _aKF6450
245 _aWest Federal Taxation :
_bAn Introduction to Business Entities /
_cedited by: James E. Smith; William A. Raabe; David M. Maloney
250 _a2002 Ed.
260 _aOhio
_bSouth-Western College Publishing
_cc2002
300 _axx,
_bIndex
_c28cm
650 _2Taxation
700 _aJames E. Smith
_cPh.D., C.P.A. College of William and Mary
_eeditor
700 _aWilliam A. Raabe
_cPh.D., C.P.A. Capital University
_eeditor
700 _aDavid M. Maloney
_cPh.D., C.P.A. University of Virginia
_eeditor
942 _2lcc
_cBK
_e2002 ed.
_n0
999 _c1096
_d1096